[Event "BUL-chT (Women) 41th"]
[Site "Borovetz"]
[Date "2008.10.04"]
[Round "4"]
[White "Dragomirescu, Angela"]
[Black "Genova, Ruzka"]
[Result "1/2-1/2"]
[WhiteElo "2223"]
[BlackElo "2210"]
[PlyCount "88"]
[EventDate "2008.10.01"]
[EventType "team-tourn"]
[EventRounds "7"]
[EventCountry "BUL"]
[SourceTitle "CBM 126 Extra"]
[Source "ChessBase"]
[SourceDate "2008.11.05"]
[SourceVersion "1"]
[SourceVersionDate "2008.11.05"]
[SourceQuality "1"]
[WhiteTeam "Varna Georgi Daskalov (W)"]
[BlackTeam "Plovdiv Lokomotiv 2000 (W)"]
[WhiteTeamCountry "BUL"]
[BlackTeamCountry "BUL"]

1. Nf3 d5 2. d4 a6 3. e3 Bg4 4. c4 dxc4 5. Bxc4 e6 6. h3 Bh5 7. 0-0 Nf6 8. a4 Nc6 9. Nc3 Bd6 10. Be2 0-0 11. Nd2 Bxe2 12. Qxe2 Qe7 13. Nc4 Bb4 14. Bd2 Rad8 15. f4 Nd5 16. Ne4 f5 17. Bxb4 Ncxb4 18. Nc5 b6 19. Nb3 Nf6 20. Ne5 Ne4 21. Qc4 c5 22. Rac1 cxd4 23. Nxd4 Rd5 24. Qc7 Qd6 25. Qxd6 Rxd6 26. Nc4 Rd7 27. Nxb6 Rb7 28. a5 Re8 29. Rfd1 e5 30. fxe5 Rxe5 31. Rc4 Na2 32. Ra4 Nac3 33. bxc3 Nxc3 34. Rda1 Nxa4 35. Rxa4 Rxe3 36. Nxf5 Re1+ 37. Kh2 g6 38. Nd6 Rbe7 39. Nbc4 R7e2 40. Rb4 Rc2 41. Rb8+ Kg7 42. Rb7+ Kg8 43. Rb8+ Kg7 44. Rb7+ Kg8 1/2-1/2

[Event "BUL-chT (Women) 41th"]
[Site "Borovetz"]
[Date "2008.10.03"]
[Round "3"]
[White "Genova, Ruzka"]
[Black "Alexieva, Silvia"]
[Result "1-0"]
[WhiteElo "2210"]
[BlackElo "2352"]
[PlyCount "119"]
[EventDate "2008.10.01"]
[EventType "team-tourn"]
[EventRounds "7"]
[EventCountry "BUL"]
[SourceTitle "CBM 126 Extra"]
[Source "ChessBase"]
[SourceDate "2008.11.05"]
[SourceVersion "1"]
[SourceVersionDate "2008.11.05"]
[SourceQuality "1"]
[WhiteTeam "Plovdiv Lokomotiv 2000 (W)"]
[BlackTeam "Sofia Lokomotiv (W)"]
[WhiteTeamCountry "BUL"]
[BlackTeamCountry "BUL"]

1. d4 Nf6 2. Nf3 e6 3. g3 c5 4. Bg2 cxd4 5. Nxd4 d6 6. 0-0 a6 7. c4 Qc7 8. b3 Be7 9. Bb2 Nc6 10. Nc2 b5 11. cxb5 axb5 12. Nc3 Rb8 13. e4 Bd7 14. Rc1 Qa7 15. Qd3 Ne5 16. Qd2 b4 17. Ne2 Bb5 18. Ncd4 Ba6 19. Nc6 Nxc6 20. Rxc6 Bb5 21. Rc2 e5 22. Rfc1 Ng4 23. Nd4 exd4 24. Rc8+ Kd7 25. Rxh8 Rxh8 26. Bxd4 Qa6 27. f3 Ra8 28. fxg4 Qxa2 29. Qxb4 Qa5 30. Qxa5 Rxa5 31. Bxg7 Bg5 32. Ra1 Be3+ 33. Kh1 Rxa1+ 34. Bxa1 Be2 35. h3 Ke6 36. Bc3 h6 37. Kh2 Bd1 38. b4 Be2 39. h4 Bxg4 40. Bh3 Bxh3 41. Kxh3 f5 42. exf5+ Kxf5 43. b5 d5 44. Ba5 d4 45. b6 d3 46. b7 Ba7 47. g4+ Ke4 48. Bd2 Kd5 49. Bxh6 Kc6 50. Bd2 Kxb7 51. g5 Kc6 52. Kg4 Kd5 53. Kf5 Bd4 54. h5 Bb2 55. g6 Kc4 56. h6 Bc3 57. Bxc3 Kxc3 58. h7 d2 59. h8Q+ Kc2 60. Qd4 1-0

[Event "BUL-chT (Women) 57th"]
[Site "Sunny Beach"]
[Date "2007.10.05"]
[Round "7.4"]
[White "Vladimirova, Maria"]
[Black "Genova, Ruzka"]
[Result "1-0"]
[WhiteElo "1998"]
[BlackElo "2229"]
[PlyCount "114"]
[EventDate "2007.09.29"]
[EventType "team"]
[EventRounds "7"]
[EventCountry "BUL"]
[SourceTitle "CBM 120 Extra"]
[Source "ChessBase"]
[SourceDate "2007.11.01"]
[SourceVersion "1"]
[SourceVersionDate "2007.11.01"]
[SourceQuality "1"]

1. e4 c5 2. Nf3 a6 3. d4 cxd4 4. Nxd4 Nf6 5. Nc3 e5 6. Nf3 Bb4 7. Bd2 0-0 8. Qe2 d5 9. Nxd5 Bxd2+ 10. Nxd2 Nxd5 11. exd5 Qxd5 12. Qe4 Qa5 13. Bd3 g6 14. Qe3 Bd7 15. 0-0 Bc6 16. Be4 Qc7 17. Rfe1 f5 18. Bxc6 Nxc6 19. Nf3 Rfe8 20. Qb3+ Kh8 21. Rad1 Qg7 22. Ng5 Re7 23. Rd5 Qf6 24. Nf3 e4 25. Nd2 Rc8 26. Qb6 Qe6 27. c4 Kg8 28. Nf3 h6 29. Qe3 Qf6 30. Nd4 f4 31. Qh3 Rce8 32. Rd1 Ne5 33. b3 Kh7 34. Nc2 Nd3 35. Ne1 Nxe1 36. Rxe1 e3 37. fxe3 Qc3 38. Rdd1 fxe3 39. Qf3 Qb2 40. Qe2 Qe5 41. Rd5 Qf6 42. Rf1 Qh4 43. Rd3 b5 44. c5 Qe4 45. Rd6 Qe5 46. b4 Qc3 47. Qg4 Qc2 48. Rd7 e2 49. Re1 Qc3 50. Rxe7+ Rxe7 51. Rxe2 Qc1+ 52. Kf2 Rf7+ 53. Kg3 Qc3+ 54. Kh4 g5+ 55. Kh5 Qd3 56. Qe4+ Qxe4 57. Rxe4 a5 1-0

[Event "BUL-ch (Women) 56th"]
[Site "Pernik"]
[Date "2007.03.20"]
[Round "11"]
[White "Genova, Ruzka"]
[Black "Andreeva, Plamena"]
[Result "1-0"]
[WhiteElo "2243"]
[BlackElo "2090"]
[PlyCount "122"]
[EventDate "2007.03.11"]
[EventType "tourn"]
[EventRounds "11"]
[EventCountry "BUL"]
[SourceTitle "CBM 117 Extra"]
[Source "ChessBase"]
[SourceDate "2007.05.09"]
[SourceVersion "1"]
[SourceVersionDate "2007.05.09"]
[SourceQuality "1"]

1. d4 Nf6 2. Nf3 e6 3. c4 d5 4. Nc3 dxc4 5. e3 a6 6. a4 b6 7. Bxc4 Bb7 8. 0-0 Bb4 9. Qe2 0-0 10. Rd1 Qe7 11. Bd3 Nbd7 12. Na2 Bd6 13. e4 e5 14. d5 Nc5 15. Bc2 c6 16. dxc6 Bxc6 17. Nc3 Bb7 18. Bg5 h6 19. Bh4 Qe6 20. b4 Ncd7 21. Rab1 Qe7 22. Nd5 Bxd5 23. exd5 Bxb4 24. Bf5 Qd6 25. Bxf6 Nxf6 26. Qxe5 Rab8 27. Qxd6 Bxd6 28. Nd4 g6 29. Bh3 Ne4 30. Nc6 Rb7 31. Rd3 Nc5 32. Rd4 Re8 33. Kf1 Kf8 34. f3 h5 35. g3 Re3 36. f4 Ra3 37. Ne5 Rxa4 38. Rxa4 Nxa4 39. Nc4 Bc5 40. d6 f5 41. Bg2 Rb8 42. d7 Nc3 43. Re1 Ne4 44. Bxe4 fxe4 45. Ne5 Rd8 46. Nxg6+ Kg7 47. Ne5 Bd6 48. Rxe4 Bxe5 49. Rxe5 Rxd7 50. Rxh5 b5 51. Ke2 Rd6 52. Rc5 b4 53. Rc7+ Kg6 54. Rb7 a5 55. g4 Rc6 56. h4 Rc4 57. h5+ Kh6 58. Rb6+ Kh7 59. Ke3 a4 60. g5 a3 61. Rb7+ Kg8 1-0

[Event "BUL-ch (Women) 56th"]
[Site "Pernik"]
[Date "2007.03.19"]
[Round "10"]
[White "Stefanova, Milena"]
[Black "Genova, Ruzka"]
[Result "1-0"]
[WhiteElo "2034"]
[BlackElo "2243"]
[PlyCount "67"]
[EventDate "2007.03.11"]
[EventType "tourn"]
[EventRounds "11"]
[EventCountry "BUL"]
[SourceTitle "CBM 117 Extra"]
[Source "ChessBase"]
[SourceDate "2007.05.09"]
[SourceVersion "1"]
[SourceVersionDate "2007.05.09"]
[SourceQuality "1"]

1. e4 c5 2. Nf3 d6 3. d4 cxd4 4. Nxd4 Nf6 5. Nc3 a6 6. f3 e5 7. Nb3 Be6 8. Be3 Nc6 9. Qd2 Be7 10. 0-0-0 Na5 11. Na4 Nxb3+ 12. axb3 b5 13. Nc3 Qb8 14. g4 b4 15. Na4 Nd7 16. Qf2 0-0 17. h4 Rc8 18. Kb1 Qb7 19. g5 Rc6 20. h5 Rac8 21. Bd3 Nc5 22. Nxc5 dxc5 23. g6 fxg6 24. hxg6 hxg6 25. Qh2 c4 26. Qh7+ Kf7 27. Rdg1 Bf6 28. Qxg6+ Ke7 29. Bxc4 Rxc4 30. bxc4 b3 31. Bg5 bxc2+ 32. Kc1 Bf7 33. Bxf6+ gxf6 34. Qxf7+ 1-0

[Event "BUL-ch (Women) 56th"]
[Site "Pernik"]
[Date "2007.03.17"]
[Round "8"]
[White "Raeva, Elitsa"]
[Black "Genova, Ruzka"]
[Result "1/2-1/2"]
[WhiteElo "2207"]
[BlackElo "2243"]
[PlyCount "141"]
[EventDate "2007.03.11"]
[EventType "tourn"]
[EventRounds "11"]
[EventCountry "BUL"]
[SourceTitle "CBM 117 Extra"]
[Source "ChessBase"]
[SourceDate "2007.05.09"]
[SourceVersion "1"]
[SourceVersionDate "2007.05.09"]
[SourceQuality "1"]

1. d4 d5 2. c4 c6 3. Nf3 Nf6 4. e3 g6 5. Bd3 Bg7 6. 0-0 0-0 7. b3 Bg4 8. Nbd2 Nbd7 9. Bb2 Re8 10. Qc2 Rc8 11. Ne5 Nxe5 12. dxe5 Nd7 13. h3 Be6 14. Nf3 dxc4 15. Bxc4 Bxc4 16. Qxc4 Nb6 17. Qg4 Qc7 18. Qh4 h6 19. Rad1 Red8 20. Ba3 Rxd1 21. Rxd1 c5 22. e6 fxe6 23. Qg4 Kf7 24. Nh4 g5 25. Nf3 Nd7 26. Qh5+ Kg8 27. h4 Nf6 28. Qg6 gxh4 29. Rc1 Qa5 30. Bb2 Qxa2 31. Rb1 c4 32. bxc4 b6 33. Nd4 Rxc4 34. Nxe6 Rg4 35. Qf5 Re4 36. Bxf6 Qxe6 37. Qxe6+ Rxe6 38. Bxh4 Bf6 39. Bg3 Rc6 40. Kf1 a5 41. Ke2 Kf7 42. Kd3 Ke6 43. e4 h5 44. Bb8 Kd7 45. Bf4 Bc3 46. Be3 Bb4 47. Rh1 Rc3+ 48. Ke2 Kc6 49. Rxh5 Bc5 50. Kd2 Rb3 51. Bxc5 bxc5 52. g4 a4 53. Kc2 Rb4 54. f3 a3 55. Rh6+ Kb5 56. Rh8 Rb2+ 57. Kc3 Rf2 58. Rb8+ Kc6 59. Ra8 Rxf3+ 60. Kc4 Rg3 61. Ra6+ Kb7 62. Ra4 Rxg4 63. Rxa3 Rxe4+ 64. Kxc5 Re5+ 65. Kd4 Re6 66. Kd5 Rd6+ 67. Ke5 Rc6 68. Kd5 Rc1 69. Re3 Rc7 70. Ke6 Kc8 71. Rf3 1/2-1/2